000 00717nam a2200253Ia 4500
003 OSt
005 20220928115230.0
006 a|||||r|||| 00| 0
007 ta
008 220927b |||||||| |||| 00| 0 eng d
024 _a127026
037 _bGift, 06/10/2015,
_cTextual
040 _aSDCL
_cSDCL
_beng
041 _2eng
_aeng
082 _aB643, N2
100 _aSilverman Joseph H.
_9443501
245 0 _aRational points on elliptic curves
260 _aNew York
_b Springer
_c2015
300 _ax;281p.
_ccm.
650 _aGift
_9391569
700 _a Tate John
_9436154
942 _hB643, N2
_cTEXL
_2CC
999 _c758642
_d758642